000 02083nam0a2200349 4500
001 RU\NLR\BIBL_A\016218203
005 20230119161906.0
010 _a978-5-98620-611-0
_9300
021 _aRU
_bКН-П-22-074459
_9КН-П-22-6484
035 _a(NLR Aleph) 016218203
035 _a(RuMoRGB)011308082
090 _a12729482
_c12729482
100 _a20221125d2022 u y0rusy50 ca
101 0 _arus
102 _aRU
105 _aac||z||||||zb
181 1 _ai3
_baxxe
182 1 _an
200 1 _aСталин
_fВ. Н. Дугин
203 _aТекст
_bвизуальный
_cнепосредственный
210 _aСанкт-Петербург
_cСкифия-принт
_d2022
215 _a55, [1] с.
_cил., портр.
_d20
300 _aВ конце текста авт.: канд. филос. наук В. Н. Дугин
330 _aПосле смерти И. В. Сталина прошло без малого семьдесят лет, но интерес к нему по-прежнему очень высок и у сторонников, и у противников Сталина. И с каждым новым поколением этот интерес возрастает. Все попытки представить Сталина кровожадным властелином лишь разжигают желание узнать больше о его жизни и деятельности. В книге автор знакомит читателя с историческими фактами и приводит свой взгляд на личность И. В. Сталина
600 1 _aСталин
_bИ.В.
_gИосиф Виссарионович
_f1879 - 1953
_2nlr_sh1
_2nlr_sh2
_3RU\NLR\AUTH\6663550
686 1 _aТ3(2)7-8
700 1 _aДугин
_bВ.Н.
_gВладимир Николаевич
702 1 _aСталин
_bИ. В.
_f1879-1953
_gИосиф Виссарионович
_3RU\NLR\AUTH\773464
_4570
942 _cBOOK
980 _aNB